Online Catalogue and eLibrary

Vinayak nethi rataka (Record no. 5017)

MARC details
000 -LEADER
fixed length control field 00413nam a2200157Ia 4500
005 - DATE AND TIME OF LATEST TRANSACTION
control field 20250701031315.0
008 - FIXED-LENGTH DATA ELEMENTS--GENERAL INFORMATION
fixed length control field 240331s9999 xx 000 0 und d
020 ## - INTERNATIONAL STANDARD BOOK NUMBER
ISBN 9556520163
082 ## - DDC Classification
Item Number - Author Mark WIJ
Class No. 808
100 ## - MAIN ENTRY--PERSONAL NAME
Personal name Wijesuriya,S
245 #0 - TITLE STATEMENT
Title Vinayak nethi rataka
260 ## - PUBLICATION, DISTRIBUTION, ETC.
Place of publication, distribution, etc. Mulleriyawa
Name of publisher, distributor, etc. Wijesooriya Book Centre
Date of publication, distribution, etc. 2004
300 ## - PHYSICAL DESCRIPTION
Extent (e.g. Volumes, Pages etc.) 318 p .,
500 ## - GENERAL NOTE
General note A book on on a country without discipline
942 ## - Koha item type (Biblio)
Koha item type Books in Stacks (Lending)
Holdings
Lost status Damaged status Collection code Home library Current library Shelving location Date acquired Full call number Accession Number Item type
    Lending WERC Library WERC Library Social Science Cupboard 03/31/2024 808.84 WIJ 6228 Books in Stacks (Lending)

© WERC Library